000 00692cam a22002293a 4500
001 12386
003 PGUSA
005 20140828083248.0
008 040501s2004||||xxu|||||s|||||000 1 eng d
040 _aPGUSA
_beng
042 _adc
050 4 _aPS
100 1 _aHolley, Marietta,
_d1836-1926
245 1 0 _aSamantha at the St. Louis Exposition
_h[electronic resource] /
_cMarietta Holley
260 _bProject Gutenberg,
_c2004
506 _aPublic domain in the USA.
516 _aElectronic text
653 _aLouisiana Purchase Exposition (1904 : Saint Louis, Mo.) -- Fiction
830 0 _aProject Gutenberg
_v12386
856 4 0 _uhttp://www.gutenberg.org/ebooks/12386
942 _cEB
999 _c241641
_d241641